[Event "English Open Championship 2024"]
[Site "Holiday Inn, 212 Abbey End, Kenilworth CV8 1ED, United Kingdom"]
[Date "2024.06.22"]
[Round "6.17"]
[White "Liu, Jack"]
[Black "Dias, Savin"]
[Result "1-0"]
[TimeControl "G90 + 30secs/move"]
[WhiteFideId "8627894"]
[BlackFideId "442399"]
[WhiteElo "2051"]
[BlackElo "1983"]

1. e4 {[%clk 01:30:57]} {[%emt 00:00:02]} c5 {[%clk 01:30:57]} {[%emt
00:00:04]} 2. Nf3 {[%clk 01:31:23]} {[%emt 00:00:03]} Nc6 {[%clk 01:31:26]}
{[%emt 00:00:02]} 3. d4 {[%clk 01:31:47]} {[%emt 00:00:07]} cxd4 {[%clk
01:31:53]} {[%emt 00:00:03]} 4. Nxd4 {[%clk 01:32:11]} {[%emt 00:00:04]} g6
{[%clk 01:32:20]} {[%emt 00:00:03]} 5. Nc3 {[%clk 01:32:35]} {[%emt 00:00:07]}
Bg7 {[%clk 01:32:48]} {[%emt 00:00:02]} 6. Be3 {[%clk 01:32:57]} {[%emt
00:00:07]} Nf6 {[%clk 01:33:16]} {[%emt 00:00:02]} 7. Bc4 {[%clk 01:32:50]}
{[%emt 00:00:37]} Qa5 {[%clk 01:33:43]} {[%emt 00:00:04]} 8. O-O {[%clk
01:16:13]} {[%emt 00:17:07]} O-O {[%clk 01:32:55]} {[%emt 00:01:19]} 9. Bb3
{[%clk 01:16:09]} {[%emt 00:00:34]} d6 {[%clk 01:33:19]} {[%emt 00:00:05]} 10.
h3 {[%clk 01:16:33]} {[%emt 00:00:06]} Bd7 {[%clk 01:33:41]} {[%emt 00:00:09]}
11. Re1 {[%clk 01:15:22]} {[%emt 00:01:41]} Nxd4 {[%clk 01:13:00]} {[%emt
00:21:11]} 12. Bxd4 {[%clk 01:15:13]} {[%emt 00:00:39]} Bc6 {[%clk 01:08:38]}
{[%emt 00:04:52]} 13. e5 {[%clk 01:08:58]} {[%emt 00:06:45]} dxe5 {[%clk
01:07:38]} {[%emt 00:01:30]} 14. Bxe5 {[%clk 01:07:41]} {[%emt 00:01:47]} Rad8
{[%clk 01:04:20]} {[%emt 00:03:48]} 15. Qe2 {[%clk 01:07:15]} {[%emt 00:00:55]}
Rd7 {[%clk 01:02:31]} {[%emt 00:02:20]} 16. Rad1 {[%clk 00:59:44]} {[%emt
00:08:01]} Rfd8 {[%clk 01:01:43]} {[%emt 00:01:18]} 17. Rxd7 {[%clk 00:59:46]}
{[%emt 00:00:28]} Rxd7 {[%clk 01:01:43]} {[%emt 00:00:30]} 18. Qe3 {[%clk
00:39:50]} {[%emt 00:20:25]} a6 {[%clk 00:30:14]} {[%emt 00:31:59]} 19. a3
{[%clk 00:38:45]} {[%emt 00:01:37]} Qd8 {[%clk 00:24:03]} {[%emt 00:06:41]} 20.
Re2 {[%clk 00:31:16]} {[%emt 00:07:59]} e6 {[%clk 00:20:21]} {[%emt 00:04:12]}
21. Kh2 {[%clk 00:24:22]} {[%emt 00:07:23]} b5 {[%clk 00:16:43]} {[%emt
00:04:09]} 22. Qc5 {[%clk 00:21:45]} {[%emt 00:03:06]} Qa8 {[%clk 00:12:56]}
{[%emt 00:04:18]} 23. f4 {[%clk 00:20:58]} {[%emt 00:01:16]} Bf8 {[%clk
00:10:02]} {[%emt 00:03:24]} 24. Qe3 {[%clk 00:20:10]} {[%emt 00:01:18]} Nd5
{[%clk 00:09:28]} {[%emt 00:01:04]} 25. Bxd5 {[%clk 00:19:26]} {[%emt
00:01:15]} Bxd5 {[%clk 00:09:28]} {[%emt 00:00:30]} 26. Rd2 {[%clk 00:17:14]}
{[%emt 00:02:42]} Qd8 {[%clk 00:08:24]} {[%emt 00:01:34]} 27. Ne4 {[%clk
00:14:42]} {[%emt 00:03:02]} Bxe4 {[%clk 00:08:22]} {[%emt 00:00:32]} 28. Rxd7
{[%clk 00:15:08]} {[%emt 00:00:04]} Qxd7 {[%clk 00:08:46]} {[%emt 00:00:05]} 29.
Qxe4 {[%clk 00:15:35]} {[%emt 00:00:03]} Qc8 {[%clk 00:07:29]} {[%emt
00:01:48]} 30. Qd4 {[%clk 00:13:22]} {[%emt 00:02:43]} Qxc2 {[%clk 00:04:26]}
{[%emt 00:03:33]} 31. Qd8 {[%clk 00:13:45]} {[%emt 00:00:06]} f5 {[%clk
00:02:15]} {[%emt 00:02:41]} 32. Bd6 {[%clk 00:13:49]} {[%emt 00:00:27]} 1-0

[Event "English Open Championship 2024"]
[Site "Holiday Inn, 212 Abbey End, Kenilworth CV8 1ED, United Kingdom"]
[Date "2024.06.22"]
[Round "6.18"]
[White "Fellowes, Billy"]
[Black "Balaji, Aaravamudhan"]
[Result "1/2-1/2"]
[TimeControl "G90 + 30secs/move"]
[WhiteFideId "483540"]
[BlackFideId "436224"]
[WhiteElo "2019"]
[BlackElo "2346"]

1. d4 {[%clk 01:30:44]} {[%emt 00:00:15]} d6 {[%clk 01:30:43]} {[%emt
00:00:18]} 2. Nf3 {[%clk 01:30:56]} {[%emt 00:00:18]} g6 {[%clk 01:30:40]}
{[%emt 00:00:33]} 3. e4 {[%clk 01:29:34]} {[%emt 00:01:51]} Bg7 {[%clk
01:31:06]} {[%emt 00:00:04]} 4. c3 {[%clk 01:24:50]} {[%emt 00:05:14]} Nc6
{[%clk 01:31:16]} {[%emt 00:00:20]} 5. Be3 {[%emt 00:02:32]} Nf6 {[%clk
01:31:23]} {[%emt 00:00:19]} 6. Qc2 {[%clk 01:22:53]} {[%emt 00:00:30]} a6
{[%clk 01:29:11]} {[%emt 00:02:41]} 7. h3 {[%clk 01:21:23]} {[%emt 00:01:59]}
O-O {[%clk 01:29:31]} {[%emt 00:00:10]} 8. d5 {[%clk 01:20:50]} {[%emt
00:01:04]} Nb8 {[%clk 01:29:13]} {[%emt 00:00:48]} 9. Nbd2 {[%clk 01:20:47]}
{[%emt 00:00:33]} e5 {[%clk 01:27:45]} {[%emt 00:01:58]} 10. g4 {[%clk
01:15:13]} {[%emt 00:06:03]} c6 {[%clk 01:23:49]} {[%emt 00:04:26]} 11. c4
{[%clk 01:12:06]} {[%emt 00:03:37]} b5 {[%clk 01:23:35]} {[%emt 00:00:44]} 12.
b3 {[%clk 01:08:49]} {[%emt 00:03:47]} b4 {[%clk 01:20:19]} {[%emt 00:03:45]}
13. Be2 {[%clk 01:07:22]} {[%emt 00:01:55]} c5 {[%clk 01:20:25]} {[%emt
00:00:27]} 14. Nf1 {[%clk 00:54:00]} {[%emt 00:13:52]} Nxe4 {[%clk 01:15:54]}
{[%emt 00:05:01]} 15. Qxe4 {[%clk 00:49:24]} {[%emt 00:05:06]} f5 {[%clk
01:12:51]} {[%emt 00:03:32]} 16. gxf5 {[%clk 00:48:57]} {[%emt 00:00:57]} Bxf5
{[%clk 01:02:56]} {[%emt 00:10:26]} 17. Qh4 {[%clk 00:49:14]} {[%emt 00:00:12]}
e4 {[%clk 01:03:12]} {[%emt 00:00:14]} 18. Ng5 {[%clk 00:47:38]} {[%emt
00:02:06]} h6 {[%clk 01:03:20]} {[%emt 00:00:22]} 19. Rc1 {[%clk 00:45:51]}
{[%emt 00:02:17]} hxg5 {[%clk 01:00:51]} {[%emt 00:02:59]} 20. Bxg5 {[%clk
00:45:12]} {[%emt 00:01:08]} Bf6 {[%clk 00:27:09]} {[%emt 00:34:14]} 21. Rg1
{[%clk 00:43:46]} {[%emt 00:01:56]} Ra7 {[%clk 00:27:38]} 22. Ne3 {[%clk
00:40:07]} {[%emt 00:04:07]} Rg7 {[%clk 00:23:09]} {[%emt 00:05:00]} 23. Qf4
{[%clk 00:28:33]} {[%emt 00:12:04]} Nd7 {[%clk 00:20:33]} {[%emt 00:03:05]} 24.
Bh6 {[%clk 00:25:22]} {[%emt 00:03:42]} Be5 {[%clk 00:20:21]} {[%emt 00:00:42]}
25. Qg5 {[%clk 00:25:39]} {[%emt 00:00:13]} Qxg5 {[%clk 00:20:41]} {[%emt
00:00:11]} 26. Rxg5 {[%clk 00:25:46]} {[%emt 00:00:23]} Bxh3 {[%clk 00:20:52]}
{[%emt 00:00:19]} 27. Bxg7 {[%clk 00:26:02]} {[%emt 00:00:13]} Kxg7 {[%clk
00:21:07]} {[%emt 00:00:15]} 28. Bg4 {[%clk 00:21:56]} {[%emt 00:04:36]} Bxg4
{[%clk 00:20:32]} {[%emt 00:01:04]} 29. Rxg4 {[%clk 00:22:20]} {[%emt
00:00:07]} Nf6 {[%clk 00:20:49]} {[%emt 00:00:13]} 30. Rh4 {[%clk 00:22:47]}
{[%emt 00:00:03]} g5 {[%clk 00:19:09]} {[%emt 00:02:10]} 31. Rh3 {[%clk
00:21:35]} {[%emt 00:01:42]} Kg6 {[%clk 00:19:38]} {[%emt 00:00:01]} 32. Ke2
{[%clk 00:19:52]} {[%emt 00:02:13]} Nh5 {[%clk 00:19:30]} {[%emt 00:00:38]} 33.
Ng2 {[%clk 00:20:18]} {[%emt 00:00:03]} Bd4 {[%clk 00:15:15]} {[%emt 00:04:46]}
34. Rf1 {[%clk 00:19:59]} {[%emt 00:00:49]} g4 {[%clk 00:14:41]} {[%emt
00:01:05]} 35. Rhh1 {[%clk 00:17:59]} {[%emt 00:02:29]} Bxf2 {[%clk 00:12:30]}
{[%emt 00:02:41]} 36. Rxh5 {[%clk 00:17:48]} {[%emt 00:00:42]} Kxh5 {[%clk
00:12:03]} {[%emt 00:00:56]} 37. Rxf2 {[%clk 00:18:07]} {[%emt 00:00:11]} Rf3
{[%clk 00:12:32]} {[%emt 00:00:01]} 38. Rf1 {[%clk 00:15:29]} {[%emt 00:03:08]}
Kg5 {[%clk 00:12:29]} {[%emt 00:00:33]} 39. Rh1 {[%clk 00:14:24]} {[%emt
00:01:35]} Rh3 {[%clk 00:12:28]} {[%emt 00:00:31]} 40. Re1 {[%clk 00:13:07]}
{[%emt 00:01:47]} Kf5 {[%clk 00:11:43]} {[%emt 00:01:15]} 41. Ne3+ {[%clk
00:10:10]} {[%emt 00:03:27]} Kf4 {[%clk 00:09:51]} {[%emt 00:02:22]} 42. Rf1+
{[%clk 00:08:42]} {[%emt 00:01:58]} Rf3 {[%clk 00:10:06]} {[%emt 00:00:15]} 43.
Ng2+ {[%clk 00:08:43]} {[%emt 00:00:29]} Ke5 {[%clk 00:10:35]} {[%emt
00:00:01]} 44. Ne3 {[%clk 00:08:09]} {[%emt 00:01:03]} Kf4 {[%clk 00:10:43]}
{[%emt 00:00:24]} 45. Ng2+ {[%clk 00:08:33]} {[%emt 00:00:04]} Ke5 {[%clk
00:10:46]} {[%emt 00:00:28]} 46. Ne3 {[%clk 00:08:57]} {[%emt 00:00:05]} Kf4
{[%clk 00:00:34]} {[%emt 00:10:43]} 47. Ng2+ {[%clk 00:06:10]} {[%emt
00:03:18]} Kg5 {[%clk 00:01:03]} 48. Rh1 {[%clk 00:06:08]} {[%emt 00:00:32]}
Rh3 {[%clk 00:00:41]} {[%emt 00:00:53]} 49. Re1 {[%clk 00:06:23]} {[%emt
00:00:15]} a5 {[%clk 00:00:47]} {[%emt 00:00:24]} 50. Rd1 {[%clk 00:04:56]}
{[%emt 00:01:57]} Kf5 {[%clk 00:00:52]} {[%emt 00:00:25]} 51. Ne3+ {[%clk
00:05:17]} {[%emt 00:00:08]} Kf4 {[%clk 00:01:16]} {[%emt 00:00:06]} 52. Rf1+
{[%clk 00:05:34]} {[%emt 00:00:13]} Rf3 {[%clk 00:01:45]} {[%emt 00:00:01]} 53.
Ng2+ {[%clk 00:05:29]} {[%emt 00:00:35]} Kg5 {[%clk 00:00:56]} {[%emt
00:01:19]} 54. Rh1 {[%clk 00:05:38]} {[%emt 00:00:20]} Rh3 {[%clk 00:01:06]}
{[%emt 00:00:21]} 55. Re1 {[%clk 00:05:54]} {[%emt 00:00:13]} a4 {[%clk
00:01:14]} {[%emt 00:00:23]} 56. Rb1 {[%clk 00:05:09]} {[%emt 00:01:14]} a3
{[%clk 00:01:44]} {[%emt 00:00:02]} 57. Re1 {[%clk 00:04:59]} {[%emt 00:00:39]}
Kf6 {[%clk 00:01:23]} {[%emt 00:00:50]} 58. Rg1 {[%clk 00:04:40]} {[%emt
00:00:50]} Ke5 {[%clk 00:01:01]} {[%emt 00:00:52]} 59. Ne3 {[%clk 00:04:47]}
{[%emt 00:00:24]} g3 {[%clk 00:01:30]} {[%emt 00:00:01]} 60. Rg2 {[%clk
00:03:40]} {[%emt 00:01:36]} Rh1 {[%clk 00:00:49]} {[%emt 00:01:11]} 61. Nf1
{[%clk 00:03:58]} {[%emt 00:00:12]} Kf4 {[%clk 00:01:08]} {[%emt 00:00:11]} 62.
Nxg3 {[%clk 00:03:57]} {[%emt 00:00:31]} Ra1 {[%clk 00:01:06]} {[%emt
00:00:32]} 63. Nh5+ {[%clk 00:04:23]} {[%emt 00:00:04]} Ke5 {[%clk 00:01:31]}
{[%emt 00:00:05]} 64. Ke3 {[%clk 00:04:38]} {[%emt 00:00:14]} Re1+ {[%clk
00:01:43]} {[%emt 00:00:19]} 65. Re2 {[%clk 00:02:34]} {[%emt 00:02:35]} Rf1
{[%clk 00:00:49]} {[%emt 00:01:23]} 66. Rg2 {[%clk 00:01:22]} {[%emt 00:01:42]}
Rf3+ {[%clk 00:01:04]} {[%emt 00:00:15]} 67. Kd2 {[%clk 00:01:12]} {[%emt
00:00:40]} Kd4 {[%clk 00:00:36]} {[%emt 00:00:58]} 68. Ng3 {[%clk 00:01:28]}
{[%emt 00:00:14]} Rd3+ {[%clk 00:00:54]} {[%emt 00:00:12]} 69. Kc2 {[%clk
00:01:43]} {[%emt 00:00:14]} Rf3 {[%clk 00:00:57]} {[%emt 00:00:27]} 70. Kd2
{[%clk 00:00:46]} {[%emt 00:01:28]} Rd3+ {[%clk 00:01:17]} {[%emt 00:00:10]} 71.
Kc2 {[%clk 00:01:04]} {[%emt 00:00:12]} Rf3 {[%clk 00:01:45]} {[%emt 00:00:02]}
72. Ne2+ {[%clk 00:00:45]} {[%emt 00:00:49]} Ke3 {[%clk 00:01:48]} {[%emt
00:00:26]} 73. Ng3 {[%clk 00:00:50]} {[%emt 00:00:26]} Rf4 {[%clk 00:01:40]}
{[%emt 00:00:39]} 74. Ne2 {[%clk 00:00:51]} {[%emt 00:00:29]} Rf1 {[%clk
00:01:51]} {[%emt 00:00:18]} 75. Nc1 {[%clk 00:00:36]} {[%emt 00:00:45]} Rh1
{[%clk 00:00:51]} {[%emt 00:01:30]} 76. Rd2 {[%clk 00:00:36]} {[%emt 00:00:30]}
Kf3 {[%clk 00:00:59]} {[%emt 00:00:22]} 77. Rd1 {[%clk 00:00:54]} {[%emt
00:00:13]} Rh2+ {[%clk 00:01:13]} {[%emt 00:00:15]} 78. Rd2 {[%clk 00:01:21]}
{[%emt 00:00:03]} Rh3 {[%clk 00:01:22]} {[%emt 00:00:21]} 79. Re2 {[%clk
00:01:20]} {[%emt 00:00:30]} Rh1 {[%clk 00:00:51]} {[%emt 00:01:02]} 80. Rd2
{[%clk 00:01:13]} {[%emt 00:00:38]} Rh4 {[%clk 00:00:34]} {[%emt 00:00:44]} 81.
Re2 {[%clk 00:01:21]} {[%emt 00:00:24]} Rh1 {[%clk 00:00:35]} {[%emt 00:00:29]}
82. Rd2 {[%clk 00:01:48]} {[%emt 00:00:03]} Rh3 {[%clk 00:00:46]} {[%emt
00:00:18]} 83. Re2 {[%clk 00:01:45]} {[%emt 00:00:34]} Kf4 {[%clk 00:00:44]}
{[%emt 00:00:32]} 84. Kd2 {[%clk 00:02:01]} {[%emt 00:00:15]} Rh1 {[%clk
00:00:39]} {[%emt 00:00:34]} 85. Rf2+ {[%clk 00:02:02]} {[%emt 00:00:30]} Ke5
{[%clk 00:00:56]} {[%emt 00:00:12]} 86. Ne2 {[%clk 00:01:40]} {[%emt 00:00:51]}
Ra1 {[%clk 00:01:10]} {[%emt 00:00:16]} 87. Nc1 {[%clk 00:02:09]} {[%emt
00:00:03]} e3+ {[%clk 00:01:09]} {[%emt 00:00:31]} 88. Kxe3 {[%clk 00:02:22]}
{[%emt 00:00:16]} Rxc1 {[%clk 00:01:37]} {[%emt 00:00:02]} 89. Rh2 {[%clk
00:02:41]} {[%emt 00:00:11]} Rb1 {[%clk 00:01:22]} {[%emt 00:00:45]} 90. Re2
{[%clk 00:02:49]} {[%emt 00:00:21]} Rb2 {[%clk 00:01:06]} {[%emt 00:00:46]} 91.
Kd3+ {[%clk 00:03:10]} {[%emt 00:00:10]} Rxe2 {[%clk 00:01:29]} {[%emt
00:00:07]} 92. Kxe2 {[%clk 00:03:37]} {[%emt 00:00:03]} Ke4 {[%clk 00:01:57]}
{[%emt 00:00:03]} 93. Kd2 {[%clk 00:04:00]} {[%emt 00:00:07]} Kd4 {[%clk
00:02:25]} {[%emt 00:00:02]} 94. Kc2 {[%clk 00:04:25]} {[%emt 00:00:04]} Ke3
{[%clk 00:02:52]} {[%emt 00:00:02]} 95. Kb1 {[%clk 00:04:49]} {[%emt 00:00:06]}
Kd2 {[%clk 00:03:19]} {[%emt 00:00:04]} 96. Ka1 {[%clk 00:05:16]} {[%emt
00:00:03]} Kc1 {[%clk 00:03:47]} {[%emt 00:00:02]} 1/2-1/2

[Event "English Open Championship 2024"]
[Site "Holiday Inn, 212 Abbey End, Kenilworth CV8 1ED, United Kingdom"]
[Date "2024.06.22"]
[Round "6.19"]
[White "Honey, Luke"]
[Black "Stoica, Savas Marin"]
[Result "0-1"]
[TimeControl "G90 + 30secs/move"]
[WhiteFideId "343403425"]
[BlackFideId "464309"]
[WhiteElo "2040"]
[BlackElo "2115"]

1. e4 {[%clk 01:30:55]} {[%emt 00:00:04]} c6 {[%clk 01:30:48]} {[%emt
00:00:13]} 2. Nc3 {[%clk 01:30:34]} {[%emt 00:00:51]} d5 {[%clk 01:31:14]}
{[%emt 00:00:04]} 3. Nf3 {[%clk 01:30:57]} {[%emt 00:00:06]} Nf6 {[%clk
01:31:42]} {[%emt 00:00:03]} 4. exd5 {[%clk 01:29:00]} {[%emt 00:02:27]} cxd5
{[%clk 01:32:04]} {[%emt 00:00:07]} 5. d4 {[%clk 01:28:36]} {[%emt 00:00:54]}
Nc6 {[%clk 01:32:29]} {[%emt 00:00:05]} 6. h3 {[%clk 01:27:21]} {[%emt
00:01:45]} a6 {[%clk 01:31:05]} {[%emt 00:01:55]} 7. Bd3 {[%clk 01:23:50]}
{[%emt 00:03:59]} g6 {[%clk 01:29:12]} {[%emt 00:02:25]} 8. O-O {[%clk
01:23:16]} {[%emt 00:01:04]} Bg7 {[%clk 01:29:33]} {[%emt 00:00:09]} 9. Ne2
{[%clk 01:21:06]} {[%emt 00:02:39]} O-O {[%clk 01:23:53]} {[%emt 00:06:10]} 10.
c3 {[%clk 01:20:37]} {[%emt 00:01:00]} b5 {[%clk 01:13:46]} {[%emt 00:10:37]}
11. Bf4 {[%clk 01:14:13]} {[%emt 00:06:52]} b4 {[%clk 01:02:36]} {[%emt
00:11:41]} 12. Ne5 {[%clk 01:09:15]} {[%emt 00:05:28]} Nxe5 {[%clk 01:02:52]}
{[%emt 00:00:14]} 13. Bxe5 {[%clk 01:09:15]} {[%emt 00:00:30]} bxc3 {[%clk
00:49:24]} {[%emt 00:13:58]} 14. Nxc3 {[%clk 01:08:37]} {[%emt 00:01:07]} Bd7
{[%clk 00:39:16]} {[%emt 00:10:40]} 15. b4 {[%clk 00:52:08]} {[%emt 00:16:58]}
Qb6 {[%clk 00:33:37]} {[%emt 00:06:09]} 16. Rb1 {[%clk 00:49:57]} {[%emt
00:02:41]} e6 {[%clk 00:33:54]} {[%emt 00:00:13]} 17. a4 {[%clk 00:45:47]}
{[%emt 00:04:40]} Rfc8 {[%clk 00:33:57]} {[%emt 00:00:26]} 18. Qd2 {[%clk
00:44:21]} {[%emt 00:01:57]} Ne8 {[%clk 00:33:28]} {[%emt 00:01:00]} 19. Bxg7
{[%clk 00:44:33]} {[%emt 00:00:18]} Kxg7 {[%clk 00:33:53]} {[%emt 00:00:04]} 20.
Be2 {[%clk 00:44:17]} {[%emt 00:00:46]} Nd6 {[%clk 00:33:37]} {[%emt 00:00:46]}
21. b5 {[%clk 00:40:08]} {[%emt 00:04:39]} axb5 {[%clk 00:32:54]} {[%emt
00:01:13]} 22. axb5 {[%clk 00:40:29]} {[%emt 00:00:09]} Ra3 {[%clk 00:30:40]}
{[%emt 00:02:43]} 23. Rfc1 {[%clk 00:38:19]} {[%emt 00:02:42]} Raxc3 {[%clk
00:26:52]} {[%emt 00:04:18]} 24. Qxc3 {[%clk 00:36:15]} {[%emt 00:02:33]} Rxc3
{[%clk 00:27:14]} {[%emt 00:00:09]} 25. Rxc3 {[%clk 00:36:42]} {[%emt
00:00:03]} Qxd4 {[%clk 00:26:19]} {[%emt 00:01:24]} 26. Rc7 {[%clk 00:35:17]}
{[%emt 00:01:55]} Bxb5 {[%clk 00:26:29]} {[%emt 00:00:20]} 0-1

[Event "English Open Championship 2024"]
[Site "Holiday Inn, 212 Abbey End, Kenilworth CV8 1ED, United Kingdom"]
[Date "2024.06.22"]
[Round "6.20"]
[White "Pal, Rohan"]
[Black "Pilley, Jack"]
[Result "1-0"]
[TimeControl "G90 + 30secs/move"]
[WhiteFideId "462489"]
[BlackFideId "343403840"]
[WhiteElo "2097"]
[BlackElo "1877"]

1. e4 {[%clk 01:30:59]} {[%emt 00:00:01]} c6 {[%clk 01:30:57]} {[%emt
00:00:04]} 2. Nf3 {[%clk 01:31:26]} {[%emt 00:00:02]} d5 {[%clk 01:31:22]}
{[%emt 00:00:05]} 3. Nc3 {[%clk 01:31:53]} {[%emt 00:00:02]} Bg4 {[%clk
01:31:50]} {[%emt 00:00:02]} 4. h3 {[%clk 01:32:19]} {[%emt 00:00:05]} Bxf3
{[%clk 01:32:17]} {[%emt 00:00:04]} 5. Qxf3 {[%clk 01:32:45]} {[%emt 00:00:03]}
e6 {[%clk 01:32:45]} {[%emt 00:00:02]} 6. d3 {[%clk 01:33:07]} {[%emt
00:00:07]} Nd7 {[%clk 01:33:12]} {[%emt 00:00:04]} 7. Bd2 {[%clk 01:33:34]}
{[%emt 00:00:02]} Bc5 {[%clk 01:31:20]} {[%emt 00:02:23]} 8. g3 {[%clk
01:32:20]} {[%emt 00:01:44]} Ngf6 {[%clk 01:31:26]} {[%emt 00:00:24]} 9. Bg2
{[%clk 01:32:43]} {[%emt 00:00:07]} O-O {[%clk 01:31:50]} {[%emt 00:00:06]} 10.
O-O {[%clk 01:32:38]} {[%emt 00:00:35]} a5 {[%clk 01:32:03]} {[%emt 00:00:16]}
11. Qe2 {[%clk 01:31:09]} {[%emt 00:01:58]} a4 {[%clk 01:31:09]} {[%emt
00:01:24]} 12. a3 {[%clk 01:30:07]} {[%emt 00:01:33]} Qc7 {[%clk 01:22:21]}
{[%emt 00:09:18]} 13. Kh1 {[%clk 01:28:12]} {[%emt 00:02:24]} dxe4 {[%clk
01:06:54]} {[%emt 00:15:58]} 14. dxe4 {[%clk 01:19:51]} {[%emt 00:08:50]} Rfd8
{[%clk 01:04:58]} {[%emt 00:02:26]} 15. f4 {[%emt 00:07:12]} Nf8 {[%clk
00:57:29]} {[%emt 00:03:30]} 16. e5 {[%clk 01:15:38]} {[%emt 00:02:31]} Nd5
{[%clk 00:56:37]} {[%emt 00:01:21]} 17. Ne4 {[%clk 01:14:53]} {[%emt 00:01:15]}
Be7 {[%clk 00:55:08]} {[%emt 00:02:00]} 18. c4 {[%clk 01:12:37]} {[%emt
00:02:45]} Nb6 {[%clk 00:55:27]} {[%emt 00:00:11]} 19. Bc3 {[%clk 01:09:36]}
{[%emt 00:03:31]} Nbd7 {[%clk 00:55:26]} {[%emt 00:00:31]} 20. Qg4 {[%clk
01:01:24]} {[%emt 00:08:43]} Nc5 {[%clk 00:51:39]} {[%emt 00:04:17]} 21. Nf6+
{[%clk 00:54:35]} {[%emt 00:07:19]} Kh8 {[%clk 00:51:17]} {[%emt 00:00:52]} 22.
Qh5 {[%clk 00:54:54]} {[%emt 00:00:10]} g6 {[%clk 00:42:17]} {[%emt 00:09:30]}
23. Qh6 {[%clk 00:54:02]} {[%emt 00:01:23]} Nb3 {[%clk 00:41:53]} {[%emt
00:00:54]} 24. f5 {[%clk 00:43:48]} {[%emt 00:10:44]} exf5 {[%clk 00:28:48]}
{[%emt 00:13:34]} 25. Rf4 {[%clk 00:39:01]} {[%emt 00:05:17]} Nc5 {[%clk
00:08:23]} {[%emt 00:20:55]} 26. e6 {[%clk 00:38:07]} {[%emt 00:01:24]} 1-0

[Event "English Open Championship 2024"]
[Site "Holiday Inn, 212 Abbey End, Kenilworth CV8 1ED, United Kingdom"]
[Date "2024.06.22"]
[Round "6.21"]
[White "Nicholas, Koichi B"]
[Black "Turner, Lewis A"]
[Result "0-1"]
[TimeControl "G90 + 30secs/move"]
[WhiteFideId "409820"]
[BlackFideId "412600"]
[WhiteElo "2130"]
[BlackElo "1929"]

1. e4 {[%clk 01:29:16]} {[%emt 00:01:29]} c5 {[%clk 01:30:55]} {[%emt
00:00:19]} 2. Nf3 {[%clk 01:29:34]} {[%emt 00:00:12]} d6 {[%clk 01:31:20]}
{[%emt 00:00:05]} 3. d4 {[%clk 01:29:55]} {[%emt 00:00:09]} cxd4 {[%clk
01:31:46]} {[%emt 00:00:05]} 4. Nxd4 {[%clk 01:30:15]} {[%emt 00:00:09]} Nf6
{[%clk 01:32:12]} {[%emt 00:00:05]} 5. Nc3 {[%clk 01:30:36]} {[%emt 00:00:08]}
g6 {[%clk 01:32:36]} {[%emt 00:00:06]} 6. Be3 {[%clk 01:30:44]} {[%emt
00:00:21]} Bg7 {[%clk 01:33:01]} {[%emt 00:00:06]} 7. f3 {[%clk 01:31:04]}
{[%emt 00:00:10]} O-O {[%clk 01:33:15]} {[%emt 00:00:17]} 8. Qd2 {[%clk
01:31:15]} {[%emt 00:00:17]} Nc6 {[%clk 01:33:41]} {[%emt 00:00:05]} 9. O-O-O
{[%clk 01:30:57]} {[%emt 00:00:47]} d5 {[%clk 01:34:04]} {[%emt 00:00:09]} 10.
exd5 {[%clk 01:31:04]} {[%emt 00:00:23]} Nxd5 {[%clk 01:34:28]} {[%emt
00:00:06]} 11. Nxc6 {[%clk 01:31:14]} {[%emt 00:00:19]} bxc6 {[%clk 01:34:53]}
{[%emt 00:00:06]} 12. Bd4 {[%clk 01:31:26]} {[%emt 00:00:16]} e5 {[%clk
01:35:17]} {[%emt 00:00:07]} 13. Bc5 {[%clk 01:31:39]} {[%emt 00:00:17]} Re8
{[%clk 01:35:41]} {[%emt 00:00:06]} 14. Nxd5 {[%clk 01:14:08]} {[%emt
00:18:01]} cxd5 {[%clk 01:36:04]} {[%emt 00:00:07]} 15. Bb5 {[%clk 01:13:47]}
{[%emt 00:00:51]} Be6 {[%clk 01:33:55]} {[%emt 00:02:39]} 16. Bxe8 {[%clk
01:05:49]} {[%emt 00:08:28]} Qxe8 {[%clk 01:31:26]} {[%emt 00:02:59]} 17. Qa5
{[%clk 01:05:45]} {[%emt 00:00:34]} Qc6 {[%clk 01:28:52]} {[%emt 00:03:03]} 18.
Rd3 {[%clk 01:02:41]} {[%emt 00:03:34]} d4 {[%clk 01:23:24]} {[%emt 00:05:57]}
19. Re1 {[%clk 00:56:36]} {[%emt 00:06:35]} Bf6 {[%clk 01:08:57]} {[%emt
00:14:58]} 20. Ba3 {[%clk 00:39:17]} {[%emt 00:17:50]} Rc8 {[%clk 01:06:40]}
{[%emt 00:02:47]} 21. Re2 {[%clk 00:21:10]} {[%emt 00:18:37]} Bf5 {[%clk
01:02:07]} {[%emt 00:05:01]} 22. Rdd2 {[%clk 00:16:15]} {[%emt 00:05:26]} Bg5
{[%clk 01:00:02]} {[%emt 00:02:35]} 23. Kb1 {[%clk 00:14:28]} {[%emt 00:02:17]}
d3 {[%clk 00:59:52]} {[%emt 00:00:41]} 24. Rf2 {[%clk 00:10:28]} {[%emt
00:04:29]} Qxc2+ {[%clk 00:56:57]} {[%emt 00:03:26]} 25. Rxc2 {[%clk 00:10:31]}
{[%emt 00:00:26]} dxc2+ {[%clk 00:57:23]} {[%emt 00:00:05]} 26. Rxc2 {[%clk
00:10:49]} {[%emt 00:00:12]} Rxc2 {[%clk 00:57:44]} {[%emt 00:02:41]} 0-1